| Tag |
First Indicator |
Second Indicator |
Subfields |
| LEADER |
00000cam a2200000Ia 4500 |
| 001 |
in00002467887 |
| 005 |
20210817090335.0 |
| 006 |
m d |
| 007 |
cr cn||||||||| |
| 008 |
081117s2008 nyu s 001 0 eng d |
| 020 |
|
|
|a 0387766235
|
| 020 |
|
|
|a 9780387766232
|
| 035 |
|
|
|a (OCoLC)272378016
|
| 035 |
|
|
|a (OCoLC)ocn272378016
|
| 037 |
|
|
|a 978-0-387-76622-5
|b Springer
|n http://www.springerlink.com
|
| 040 |
|
|
|a GW5XE
|c GW5XE
|d UtOrBLW
|
| 049 |
|
|
|a TEFA
|
| 096 |
|
|
|a WI 230 F218s 2008
|
| 100 |
1 |
|
|a Faquin, William C.
|0 http://id.loc.gov/authorities/names/n2004124006
|
| 245 |
1 |
0 |
|a Salivary gland cytopathology /
|c William C. Faquin, Celeste N. Powers ; foreword by Mary K. Sidaway.
|
| 264 |
|
1 |
|a New York, NY :
|b Springer,
|c [2008]
|
| 264 |
|
4 |
|c ©2008
|
| 336 |
|
|
|a text
|b txt
|2 rdacontent
|
| 337 |
|
|
|a computer
|b c
|2 rdamedia
|
| 338 |
|
|
|a online resource
|b cr
|2 rdacarrier
|
| 500 |
|
|
|a Electronic resource.
|
| 504 |
|
|
|a Includes bibliographical references and index.
|
| 533 |
|
|
|a Electronic reproduction.
|b New York :
|c Springer,
|d 2008.
|n Mode of access: World Wide Web.
|n System requirements: Web browser.
|n Title from title screen (viewed on Nov. 10, 2008).
|n Access may be restricted to users at subscribing institutions.
|
| 650 |
|
0 |
|a Salivary glands
|x Cytopathology.
|
| 650 |
|
0 |
|a Salivary glands
|x Diseases
|x Cytopathology.
|
| 650 |
|
0 |
|a Salivary glands
|x Diseases
|x Diagnosis.
|0 http://id.loc.gov/authorities/subjects/sh85116809
|
| 650 |
|
2 |
|a Salivary Gland Diseases
|x diagnosis.
|0 https://id.nlm.nih.gov/mesh/D012466Q000175
|
| 650 |
|
2 |
|a Salivary Gland Neoplasms
|x diagnosis.
|0 https://id.nlm.nih.gov/mesh/D012468Q000175
|
| 650 |
|
2 |
|a Salivary Gland Neoplasms.
|0 https://id.nlm.nih.gov/mesh/D012468
|
| 650 |
|
2 |
|a Salivary Glands
|x cytology.
|0 https://id.nlm.nih.gov/mesh/D012469Q000166
|
| 650 |
|
2 |
|a Salivary Glands
|x pathology.
|0 https://id.nlm.nih.gov/mesh/D012469Q000473
|
| 655 |
|
7 |
|a Electronic books.
|2 local
|
| 700 |
1 |
|
|a Powers, Celeste N.
|0 http://id.loc.gov/authorities/names/n96800487
|
| 710 |
2 |
|
|a SpringerLink (Online service)
|0 http://id.loc.gov/authorities/names/no2005046756
|
| 776 |
1 |
|
|c Original
|z 9780387766225
|z 0387766227
|w (OCoLC)191934227
|
| 856 |
4 |
0 |
|u http://proxy.library.tamu.edu/login?url=https://dx.doi.org/10.1007/978-0-387-76623-2
|z Connect to the full text of this electronic book
|t 0
|
| 994 |
|
|
|a C0
|b TEF
|
| 999 |
|
|
|a MARS
|
| 999 |
f |
f |
|s 5e8c31bf-efde-3089-b225-bef9a6d2facd
|i ba610540-2823-3667-b64a-de3ad2499b5f
|t 0
|
| 952 |
f |
f |
|a Texas A&M University
|b College Station
|c Electronic Resources
|d Available Online
|t 0
|h No information provided
|
| 998 |
f |
f |
|t 0
|l Available Online
|